| 000 | 01204nam a2200217 a 4500 | ||
|---|---|---|---|
| 008 | 120416s1988 ||||||||||||||||| || u | ||
| 020 | _a0256058156 | ||
| 050 | _aHF 5429 Mas | ||
| 100 | _aEzell, Hazel F | ||
| 245 | 1 | 0 | _aRetailing |
| 250 | _a3rd. ed. | ||
| 260 |
_aPlano, Texas _bBusiness Publications _c1988 |
||
| 300 | _axviii, 638p. : ill | ||
| 350 | _a0.00 | ||
| 700 | _aMason, Barry J | ||
| 995 |
_aANNEX COLLECTION (Main Library) _D0.00 _e725402 _FCBU-MAIN LIBRARY (Kitwe) _H2 _I30.40 _jHF 5429 Mas _UAVAILABLE _y004913 _ZAnnex Low-Usage Collection |
||
| 995 |
_aTEXTBOOKS (DDEOL) _D0.00 _e5027 _FCBU-SCHOOL TEXTBOOK COLLECTIONS _H1 _I0.00 _jSCHOOL TEXTBOOK _M5 _UAVAILABLE _WJul 20, 2009 _y5027 _ZMain Library Open Access Collection |
||
| 995 |
_aMAIN LIBRARY OPEN ACCESS _D0.00 _e004914 _FCBU-MAIN LIBRARY (Kitwe) _H3 _I30.40 _jHF 5429 Mas _UAVAILABLE _y004914 _ZMain Library Open Access Collection |
||
| 995 |
_aANNEX COLLECTION (Main Library) _D0.00 _e725403 _FCBU-MAIN LIBRARY (Kitwe) _H1 _I30.40 _jHF 5429 Mas _UAVAILABLE _y004916 _ZAnnex Low-Usage Collection |
||
| 995 |
_aMAIN LIBRARY OPEN ACCESS _D0.00 _e004915 _FCBU-MAIN LIBRARY (Kitwe) _H4 _I30.40 _jHF 5429 Mas _UAVAILABLE _y004915 _ZMain Library Open Access Collection |
||
| 999 |
_c80203 _d80203 |
||